000 00412nam a2200157Ia 4500
008 160316s1993 xxu||||| |||| 00| 0 eng d
082 _a341.000000
_bWAL-1
100 _aWallace Rebecca M
245 _aInternational law : A student introduction
250 _a2nd
260 _aDelhi
_bUniversal Book Traders
_c1993
300 _a311p
_b
_c
365 _bRs.150/-
650 _a1.International Law
700 _a
_a
999 _c6604
_d6604